| 000 | 01017nam a22002897a 4500 | ||
|---|---|---|---|
| 003 | CHAP | ||
| 005 | 20220329135436.0 | ||
| 008 | 971013s1987 mx r 00010 spa d | ||
| 010 | _a36545 | ||
| 011 | _a37517 | ||
| 035 | _a41637 | ||
| 040 | _cCHAP | ||
| 090 | _aTesis | ||
| 100 | 0 | 0 |
_aOrtega Duarte, Tereso Eduardo. _983789 |
| 245 | 1 | 0 |
_aAdaptación de cinco cultivares de coliflor (Brassica oleracea, var. botrytis) en la región de Marín, N. L. _c/por Tereso Eduardo Ortega Duarte |
| 260 |
_aMarín, N. L. : _bEl autor, _c1987 |
||
| 300 | _a60 h. | ||
| 502 | _aTesis (Ing. Agr. Fitotecnista) -- Universidad Autónoma de Nuevo León. Facultad de Agronomía | ||
| 590 |
_aALEPH _b10 _c20130110 _lUCH01 _h1301 |
||
| 590 |
_aBATCH-UPD _b10 _c20130110 _lUCH01 _h2145 |
||
| 590 |
_aCONVERSION _b10 _c20130109 _lUCH01 _h1320 |
||
| 650 | 1 | 4 |
_aColiflor _xEfecto del medio ambiente. _925143 |
| 650 | 1 | 4 |
_aColiflor _xRendimiento. _925152 |
| 901 | _aBK | ||
| 942 | _cTESIS | ||
| 949 |
_bBC _cTES _d-95607 _eTS1 _h20778 _i41637 _si |
||
| 999 |
_c36545 _d36545 |
||